Estándares orientadores para egresados de carreras de Pedagogía en Educación Básica: estándares pedagógicos y disciplinarios. Lenguaje y Comunicación. Matemática. Historia, Geografía y Ciencias Sociales. Ciencias Naturales

Na minha lista:
Detalhes bibliográficos
Autor Corporativo: Ministerio de Educación (Author)
Formato: Livro
Idioma:espanhol
Publicado em: Santiago Ministerio de Educación 2011
Assuntos:
Tags: Adicionar Tag
Sem tags, seja o primeiro a adicionar uma tag!

MARC

LEADER 00000cam a2200000 a 4500
001 UCG9915
003 CL-VaPUC
008 120412e20110900CL |||||||||||||||||spa|d
020 |a 9789562923057 
082 0 4 |a 371.2  |b MIN  |2 21 
110 2 |a Ministerio de Educación  |e author  |9 561670 
245 1 0 |a Estándares orientadores para egresados de carreras de Pedagogía en Educación Básica: estándares pedagógicos y disciplinarios. Lenguaje y Comunicación. Matemática. Historia, Geografía y Ciencias Sociales. Ciencias Naturales 
300 |a 164 p 
942 |c BK 
945 |d 20120412 00:00:00  |a dcastane 
260 |a Santiago  |b Ministerio de Educación  |c 2011 
650 0 |a Calidad de la educación   |9 307271 
650 0 |a Evaluación de la educación   |9 237505 
650 0 |a Modelos educacionales  |9 339132 
650 0 |a Reforma educacional   |9 256319 
583 |a last modification  |c 20121019 10:44:18  |k Rodrigo Vera 
999 |c 347441  |d 347439 
952 |0 0  |1 0  |4 0  |6 371_200000000000000_MIN_2011  |7 0  |8 A  |9 448773  |a BIBHIS  |b BIBHIS  |d 2019-11-22  |i 4855787  |o 371.2 MIN 2011  |p 4855787  |r 2025-01-20  |w 2019-11-22  |y BK  |k HIS 
952 |0 0  |1 0  |4 0  |6 371_200000000000000_MIN_2011  |7 0  |8 A  |9 448774  |a BIBEDU  |b BIBEDU  |d 2019-11-22  |i 4856384  |o 371.2 MIN 2011  |p 4856384  |r 2019-11-22  |w 2019-11-22  |y BK  |k EPE 
952 |0 0  |1 0  |4 0  |6 371_200000000000000_MIN_2011  |7 0  |8 A  |9 448775  |a BIBEDU  |b BIBEDU  |d 2019-11-22  |i 4856392  |o 371.2 MIN 2011  |p 4856392  |r 2019-11-22  |w 2019-11-22  |y BK  |k EPE 
952 |0 0  |1 0  |4 0  |6 371_200000000000000_MIN_2011  |7 0  |8 A  |9 448776  |a BIBEDU  |b BIBEDU  |d 2019-11-22  |i 4856406  |o 371.2 MIN 2011  |p 4856406  |r 2019-11-22  |w 2019-11-22  |y BK  |k EPE